01068cam a2200289 a 45000010008000000030004000080050017000120080041000290100017000700200015000870200022001020400018001240500019001420820017001612450062001782600044002403000035002845040064003196500020003836500019004037000032004228560089004549060045005439420040005889520133006289990017007612108462OSt20230921122223.0960819s1997 enka b 001 0 eng  a 96042429  a0415139031 a041513904X (pbk.) aDLCcDLCdDLC00aD13b.P59 199700a907.2bJEN/P04aThe postmodern history reader /cedited by Keith Jenkins. aLondon ;aNew York :bRoutledge,c1997. axiii, 443 p. :bill. ;c25 cm. aIncludes bibliographical references (p. 434-438) and index. 0aHistoriography. 0aPostmodernism. aJenkins, Keithd1943-93392423Publisher descriptionuhttp://www.loc.gov/catdir/enhancements/fy0649/96042429-d.html a7bcbccorignewd1eocipf19gy-gencatlg 2ddccBKh907.2iJEN/Pk907.2mJEN/P 00102ddc40708HISTORYaMESbMEScHISd2023-09-21l0o907.2 JEN/Pp42541r2023-09-21 12:23:13v2495.00w2023-09-21yBKzGL42R3 c42239d42239